Global marketing strategy
Uloženo v:
| Hlavní autor: | |
|---|---|
| Médium: | Kniha |
| Jazyk: | Undetermined |
| Vydáno: |
London
Financial Times
1998
|
| Témata: | |
| Tagy: |
Přidat tag
Žádné tagy, Buďte první, kdo otaguje tento záznam!
|
| Thư viện lưu trữ: | Trung tâm Học liệu Trường Đại học Cần Thơ |
|---|
| LEADER | 00541nam a2200193Ia 4500 | ||
|---|---|---|---|
| 001 | CTU_153737 | ||
| 008 | 210402s9999 xx 000 0 und d | ||
| 082 | |a 658.8 | ||
| 082 | |b C515 | ||
| 100 | |a Chee, Harol | ||
| 245 | 0 | |a Global marketing strategy | |
| 245 | 0 | |c Harol Chee, Rod Harris | |
| 260 | |a London | ||
| 260 | |b Financial Times | ||
| 260 | |c 1998 | ||
| 650 | |a Export marketing,Tiếp thị xuất khẩu | ||
| 650 | |x Management,Quản trị | ||
| 904 | |i QHieu | ||
| 980 | |a Trung tâm Học liệu Trường Đại học Cần Thơ | ||